[Event "Gorodets Small Kitezh op"]
[Site "Gorodets"]
[Date "2015.08.01"]
[Round "7"]
[White "Kapeljus, Lazar"]
[Black "Repin, Oleg"]
[Result "1/2-1/2"]
[WhiteElo "2244"]
[BlackElo "2168"]
[PlyCount "42"]
[EventDate "2015.07.29"]
[EventType "swiss"]
[EventRounds "9"]
[EventCountry "RUS"]
[SourceTitle "CBM 167 Extra"]
[Source "ChessBase"]
[SourceDate "2015.09.14"]
[SourceVersion "1"]
[SourceVersionDate "2015.09.14"]
[SourceQuality "1"]

1. e4 e6 2. d4 d5 3. exd5 exd5 4. Bd3 Nf6 5. Bf4 c5 6. dxc5 Bxc5 7. Bxb8 Rxb8 8. Qe2+ Qe7 9. Qxe7+ Kxe7 10. Nf3 Re8 11. 0-0 Kf8 12. Nbd2 Bd7 13. Nb3 Bb6 14. c3 Re7 15. Nfd4 g6 16. Rfe1 Rxe1+ 17. Rxe1 Re8 18. Rxe8+ Kxe8 19. Kf1 Ke7 20. Ke2 a6 21. f3 Kd6 1/2-1/2

[Event "Gorodets Small Kitezh op"]
[Site "Gorodets"]
[Date "2015.07.31"]
[Round "4"]
[White "Ryabov, Alexander"]
[Black "Repin, Oleg"]
[Result "1/2-1/2"]
[WhiteElo "2041"]
[BlackElo "2168"]
[PlyCount "128"]
[EventDate "2015.07.29"]
[EventType "swiss"]
[EventRounds "9"]
[EventCountry "RUS"]
[SourceTitle "CBM 167 Extra"]
[Source "ChessBase"]
[SourceDate "2015.09.14"]
[SourceVersion "1"]
[SourceVersionDate "2015.09.14"]
[SourceQuality "1"]

1. e4 c5 2. Nf3 a6 3. c4 e6 4. d4 cxd4 5. Nxd4 d6 6. Bd3 Nf6 7. 0-0 Be7 8. Nc3 Nbd7 9. Qe2 0-0 10. Be3 Ne5 11. f3 Qc7 12. Rac1 b6 13. Rfd1 Bb7 14. b3 Kh8 15. Qf2 Rg8 16. Nde2 Ned7 17. b4 Bd8 18. a3 Rc8 19. Nd4 Qb8 20. Bf1 Bc7 21. g3 g5 22. Bg2 Qa8 23. h3 Qb8 24. Nde2 Bd8 25. Na4 Ba8 26. Nd4 Ne5 27. Bf1 h5 28. Be2 Rg7 29. g4 hxg4 30. hxg4 Nfd7 31. Bf1 Ng6 32. Ne2 Nh4 33. Bg2 b5 34. cxb5 Rxc1 35. Rxc1 axb5 36. Nac3 Ne5 37. Bd4 f6 38. Qg3 Nc4 39. Nb1 e5 40. Bf2 Bb6 41. Bxb6 Qxb6+ 42. Qf2 Qxf2+ 43. Kxf2 Ra7 44. Rc3 d5 45. exd5 Bxd5 46. Nc1 Kg7 47. Bf1 Kf7 48. Be2 Ng6 49. Bd3 Nf4 50. Ne2 Ke6 51. Bxc4 Bxc4 52. Nxf4+ gxf4 53. Nd2 Bd5 54. Ke2 Rh7 55. Rc5 Rh2+ 56. Ke1 Rh1+ 57. Ke2 Ra1 58. Rxb5 Rxa3 59. Rb6+ Ke7 60. b5 Ra2 61. Kd3 Ra3+ 62. Ke2 Re3+ 63. Kf2 Rd3 64. Ke2 Re3+ 1/2-1/2